Alle Länder Europas in 5 Minuten - Statistiken

Allgemein
  • Dieses Quiz wurde 86 mal gespielt
  • Das Durchschnittsergebnis liegt bei 44 aus 47
Antwortstatistiken
Länder % Korrekt
Albanien
100%
Deutschland
100%
Portugal
100%
Dänemark
99%
Spanien
99%
Finnland
97%
Frankreich
97%
Italien
97%
Niederlande
97%
Belgien
96%
Österreich
96%
Polen
96%
Slowakei
96%
Slowenien
96%
Estland
95%
Griechenland
95%
Luxemburg
95%
Schweden
95%
Schweiz
95%
Andorra
93%
Kroatien
93%
Lettland
93%
Norwegen
93%
Russland
93%
Belarus
92%
Liechtenstein
92%
Rumänien
92%
Serbien
92%
Ukraine
92%
Ungarn
92%
Grossbritannien
91%
Irland
91%
Tschechien
91%
Zypern
91%
Litauen
89%
Nordmazedonien
89%
Türkei
89%
Bosnien und Herzegowina
88%
Bulgarien
88%
Island
88%
San Marino
88%
Vatikanstadt
88%
Kosovo
87%
Malta
87%
Moldau
86%
Monaco
84%
Montenegro
80%
Keine übereinstimmenden Quizze gefunden
Verteilung der Resultate
Anzahl Personen mit jedem Resultat
Perzentil nach korrekt beantworteten Fragen
Ihre Resultats-Entwicklung
Sie haben dieses Quiz noch nicht gespielt